Un descubrimiento prodigioso / (Record no. 175654)

MARC details
000 -LEADER
campo de control de longitud fija 00857nam a2200241 i 4500
001 - NÚMERO DE CONTROL
campo de control 175654
003 - IDENTIFICADOR DE NÚMERO DE CONTROL
campo de control ES-MaACL
005 - FECHA Y HORA DE LA ÚLTIMA TRANSACCIÓN
campo de control 20250818063116.0
007 - CAMPO FIJO DE DESCRIPCIÓN FÍSICA--INFORMACIÓN GENERAL
campo de control de longitud fija t|
008 - DATOS DE LONGITUD FIJA--INFORMACIÓN GENERAL
campo de control de longitud fija 101115s1973 sp a r ||||1| spa d
020 ## - NÚMERO INTERNACIONAL ESTÁNDAR DEL LIBRO
Número Internacional Estándar del Libro 84-7080-545-2
080 ## - NÚMERO DE LA CLASIFICACIÓN DECIMAL UNIVERSAL
Número de la Clasificación Decimal Universal 821.133.1-31"18"
100 1# - ENTRADA PRINCIPAL--NOMBRE DE PERSONA
Nombre de persona Verne, Jules,
Fechas asociadas al nombre 1828-1905
9 (RLIN) 188654
245 13 - MENCIÓN DEL TÍTULO
Título Un descubrimiento prodigioso /
Mención de responsabilidad, etc. Julio Verne ; [traducción de A. Ribot Fontseré ; ilustraciones de A. Pérez].
260 ## - PUBLICACIÓN, DISTRIBUCIÓN, ETC.
Lugar de publicación, distribución, etc. Barcelona :
Nombre del editor, distribuidor, etc. La Gaya Ciencia,
Fecha de publicación, distribución, etc. 1973.
300 ## - DESCRIPCIÓN FÍSICA
Extensión 149 p. :
Otras características físicas il. bl. y n. ;
Dimensiones 18 cm.
490 1# - MENCIÓN DE SERIE
Mención de serie Moby Dick: biblioteca de bolsillo junior ;
Designación de volumen o secuencia 45
700 1# - ENTRADA AGREGADA--NOMBRE PERSONAL
Nombre de persona Ribot y Fontseré, Antonio.
9 (RLIN) 131779
700 1# - ENTRADA AGREGADA--NOMBRE PERSONAL
Nombre de persona Pérez Carrillo, Antonio.
9 (RLIN) 143933
830 0# - PUNTO DE ACCESO ADICIONAL DE SERIE-TÍTULO UNIFORME
Título uniforme Moby Dick: biblioteca de bolsillo junior ;
Designación de volumen o secuencia 45
9 (RLIN) 223907
852 ## - LOCALIZACIÓN
Ubicación ES-MaACL
Número de control de estantería E-13529
Holdings
Estatus retirado Estado de pérdida Estado de daño No para préstamo Biblioteca de origen Biblioteca actual Ubicación en estantería Fecha de adquisición Fuente de adquisición Total de préstamos Signatura topográfica completa Código de barras Visto por última vez Precio de reemplazo Tipo de ítem Koha
        Biblioteca del Ateneo de Madrid Biblioteca del Ateneo de Madrid Depósito 2 15/11/2010     E-13529 1184452 23/02/2023 23/02/2023 Libro impreso